Principles and practice of esthetic dentistry / (Record no. 20078)
[ view plain ]
| 000 -LEADER | |
|---|---|
| fixed length control field | 00963cam a22002655a 4500 |
| 001 - CONTROL NUMBER | |
| control field | 18641198 |
| 005 - DATE AND TIME OF LATEST TRANSACTION | |
| control field | 20160113161440.0 |
| 008 - FIXED-LENGTH DATA ELEMENTS--GENERAL INFORMATION | |
| fixed length control field | 150603s2015 stka frb 001 0 eng d |
| 020 ## - INTERNATIONAL STANDARD BOOK NUMBER | |
| International Standard Book Number | 9780723455585 (hardcover) |
| 040 ## - CATALOGING SOURCE | |
| Original cataloging agency | YDXCP |
| Language of cataloging | eng |
| Transcribing agency | YDXCP |
| Modifying agency | OCLCF |
| -- | DLC |
| -- | EG-ScBUE |
| -- | EG-ScBUE |
| 082 04 - DEWEY DECIMAL CLASSIFICATION NUMBER | |
| Classification number | 617.6 |
| Item number | PRI |
| Edition number | 22 |
| 245 00 - TITLE STATEMENT | |
| Title | Principles and practice of esthetic dentistry / |
| Statement of responsibility, etc | edited by Nairn H. F. Wilson ; series editor Barian J. Millar. |
| Remainder of title | |
| 260 ## - PUBLICATION, DISTRIBUTION, ETC. (IMPRINT) | |
| Place of publication, distribution, etc | Edinburgh : |
| Name of publisher, distributor, etc | Elsevier, |
| Date of publication, distribution, etc | c.2015. |
| 300 ## - PHYSICAL DESCRIPTION | |
| Extent | xi, 256 p. : |
| Other physical details | ill. ; |
| Dimensions | 27 cm. |
| 490 0# - SERIES STATEMENT | |
| Series statement | Essentials of esthetic dentistry ; |
| Volume number/sequential designation | v. 1 |
| 500 ## - GENERAL NOTE | |
| General note | Index : p. 249-256. |
| 504 ## - BIBLIOGRAPHY, ETC. NOTE | |
| Bibliography, etc | Includes bibliographical references. |
| 650 #0 - SUBJECT ADDED ENTRY--TOPICAL TERM | |
| Topical term or geographic name as entry element | Dentistry |
| General subdivision | Aesthetic aspects. |
| Source of heading or term | BUEsh |
| 9 (RLIN) | 32104 |
| 650 #0 - SUBJECT ADDED ENTRY--TOPICAL TERM | |
| Topical term or geographic name as entry element | Esthetics, Dental. |
| Source of heading or term | BUEsh |
| 9 (RLIN) | 30623 |
| 651 ## - SUBJECT ADDED ENTRY--GEOGRAPHIC NAME | |
| Source of heading or term | BUEsh |
| 653 ## - INDEX TERM--UNCONTROLLED | |
| Resource For college | |
| Arrived date list | June2015 |
| -- | January2016 |
| 700 1# - ADDED ENTRY--PERSONAL NAME | |
| Personal name | Wilson, Nairn H. F., |
| Relator term | editor. |
| 700 1# - ADDED ENTRY--PERSONAL NAME | |
| Personal name | Millar, Brian J., |
| Relator term | editor. |
| 942 ## - ADDED ENTRY ELEMENTS (KOHA) | |
| Source of classification or shelving scheme | Dewey Decimal Classification |
| Call number prefix | 617.6 PRI |
| Withdrawn status | Lost status | Source of classification or shelving scheme | Damaged status | Not for loan | Koha collection | Home library | Current library | Shelving location | Date acquired | Source of acquisition | Cost, normal purchase price | Serial Enumeration / chronology | Total Checkouts | Total Renewals | Full call number | Barcode | Date last seen | Date last borrowed | Cost, replacement price | Koha item type |
|---|---|---|---|---|---|---|---|---|---|---|---|---|---|---|---|---|---|---|---|---|
| Dewey Decimal Classification | Alahram | Central Library | Central Library | First floor | 29/06/2015 | Purchase | 827.00 | 306 | 2 | 1 | 617.6 PRI | 000039179 | 15/07/2025 | 13/04/2017 | 1033.75 | Book - Borrowing |